000 00413nam a2200145Ia 4500
008 220216s9999 xx 000 0 und d
100 _aPannikottu Abraham
245 0 _aService life prediction for elastomeric tyre components
260 _bIndian Rubber and Plastics Age
_c2005
300 _a7-Mar
650 _aAutomotive industry
650 _aElastomeric tyre
650 _aTyre dynamic aging
942 _cJS
999 _c68614
_d68614